| 000 | 00922nac a22002411u 4500 | ||
|---|---|---|---|
| 010 | _a 2002044496 | ||
| 020 | _a007255410X (pbk. : alk. paper) | ||
| 082 | 0 | 0 |
_a339 _bF8281 |
| 090 |
_c2420 _d2420 |
||
| 100 | _aFrank, Robert H. | ||
| 245 | 1 | 0 |
_aPrinciples of macro-economics / _cRobert H. Frank, Ben S. Bernanke. |
| 246 | 1 | 8 | _aPrinciples of macroeconomics |
| 250 | _a2nd ed. | ||
| 260 |
_aBoston : _bMcGraw-Hill/Irwin,2004 _c2004. |
||
| 300 |
_a1v(vrious pagings) : _bill. ; _c28 cm. |
||
| 500 | _aIncludes index. | ||
| 650 | 0 | _aMacroeconomics. | |
| 700 | 1 | _aBernanke, Ben. | |
| 856 | 4 | 2 |
_3Publisher description _uhttp://www.loc.gov/catdir/description/mh031/2002044496.html |
| 856 | 4 | 2 |
_3Table of contents _uhttp://www.loc.gov/catdir/toc/mh031/2002044496.html |
| 942 |
_cBB _k339 F8281 |
||
| 999 |
_c2420 _d2420 |
||